000
00344nam a22001457a 4500
020
_a
8174763228
041
_a
ENG
100
_a
Murthy.V.N.S
245
_a
Principles Of Soil Mechanics And Foundation Engineering
250
_a
Fifth ED
260
_a
New Delhi
_b
Ubspd Pub
_c
1993
300
_a
842
650
_a
SWCE
856
_u
SWCE ( 21 )
999
_c
1858
_d
1858